System dynamics / (Record no. 175448)

000 -LEADER
fixed length control field 01024 a2200229 4500
003 - CONTROL NUMBER IDENTIFIER
control field Nust
005 - DATE AND TIME OF LATEST TRANSACTION
control field 20221018125613.0
010 ## - LIBRARY OF CONGRESS CONTROL NUMBER
LC control number 91025456
020 ## - INTERNATIONAL STANDARD BOOK NUMBER
International Standard Book Number 0138559414
040 ## - CATALOGING SOURCE
Transcribing agency Nust
082 00 - DEWEY DECIMAL CLASSIFICATION NUMBER
Classification number 620.0011,OGA
100 1# - MAIN ENTRY--PERSONAL NAME
Personal name Ogata, Katsuhiko.
245 10 - TITLE STATEMENT
Title System dynamics /
Statement of responsibility, etc. Katsuhiko Ogata.
250 ## - EDITION STATEMENT
Edition statement 2nd ed.
260 ## - PUBLICATION, DISTRIBUTION, ETC.
Place of publication, distribution, etc. Englewood Cliffs, N.J. :
Name of publisher, distributor, etc. Prentice-Hall,
Date of publication, distribution, etc. c1992.
300 ## - PHYSICAL DESCRIPTION
Extent viii, 712 p. :
Other physical details ill. ;
Dimensions 25 cm.
505 ## - FORMATTED CONTENTS NOTE
Formatted contents note Introduction (Page-1), Background Materials for System Analysis and Design (Page-7), Mechanical Systems (Page-77), Electrical Systems (Page-157), Electromechanical Systems (Page-214), Mathematical Medeling of Dynamic Systems in State Space (Page-286), Linear Systems Analysis in the time Domain (Page-379), Linear Systems Analysis in the Frequency Domain (Page-452), Feedback Control Systems (Page-517), Discrete-Time Systems (Page-588).
650 #0 - SUBJECT ADDED ENTRY--TOPICAL TERM
Topical term or geographic name entry element Dynamics.
650 #0 - SUBJECT ADDED ENTRY--TOPICAL TERM
Topical term or geographic name entry element Engineering
General subdivision Mathematical models.
650 #0 - SUBJECT ADDED ENTRY--TOPICAL TERM
Topical term or geographic name entry element System analysis.
9 (RLIN) 2233
942 ## - ADDED ENTRY ELEMENTS (KOHA)
Koha item type Reference
Source of classification or shelving scheme
Holdings
Withdrawn status Lost status Source of classification or shelving scheme Damaged status Not for loan Permanent Location Current Location Shelving location Date acquired Full call number Barcode Date last seen Price effective from Koha item type Public note
          Military College of Signals (MCS) Military College of Signals (MCS) General Stacks 12/12/2016 620.0011,OGA MCS5575 12/08/2016 12/12/2016 Book Almirah No.26, Shelf No.5
© 2023 Central Library, National University of Sciences and Technology. All Rights Reserved.